000 00765nac a22001931u 4500
010 _a010678401
020 _a1403900590
028 _bwww.lib.uk
082 _a332.4566094
_bV585
090 _c2190
_d2190
100 _averdun,amy
245 _aeuropean responses to globlization and financial market integration
_bperceptions of economic and monetary union in britain , france and germany
260 _anew york
_bpalgrave macmillan,2000
_c2000
300 _a260 p. ;
_c23 cm
504 _aIncludes bibliographical references and index
600 _aamy verdun
942 _cBB
_k332.4566094V585
999 _c2190
_d2190